000
00311 a2200145 4500
001
48060
040
_c
Anchieta - Aquarius
100
_a
Alencar, José de
240
1
0
_a
O Sertanejo
_l
por
245
1
0
_a
O Sertanejo
300
_a
152
440
1
_a
Melhoramentos
650
4
_a
Literatura brasileira
942
_c
BK
999
_c
48060
_d
48060